书目信息 |
| 题名: |
老外看中国
|
|
| 作者: | 王银泉 , 曹新宇 编著 | |
| 分册: | ||
| 出版信息: | 南京 东南大学出版社 2007.08 |
|
| 页数: | 294页 | |
| 开本: | 26cm | |
| 丛书名: | ||
| 单 册: | ||
| 中图分类: | H319.4 | |
| 科图分类: | ||
| 主题词: | 新闻--xin wen--英语--阅读教学--高等学校--教材 | |
| 电子资源: | ||
| ISBN: | 978-7-5641-0799-4 | |
| 000 | 01146nam0 2200277 450 | |
| 001 | 012008188946 | |
| 005 | 20080807093108.34 | |
| 010 | @a978-7-5641-0799-4@dCNY39.00 | |
| 100 | @a20080807d2007 em y0chiy0120 ea | |
| 101 | 0 | @achi@aeng |
| 102 | @aCN@b320000 | |
| 105 | @aa z 000yy | |
| 106 | @ar | |
| 200 | 1 | @a老外看中国@Alao wai kan zhong guo@e美欧最新英语新闻阅读教程@f王银泉, 曹新宇编著@Fwang yin quan,cao xin yu bian zhu |
| 210 | @a南京@c东南大学出版社@d2007.08 | |
| 215 | @a294页@c图@d26cm | |
| 312 | @a英文并列题名取自封面 | |
| 330 | @a本书精选了来自美国、英国、德国、加拿大、法国等国家的主流报刊、广播电台和通讯社近年来发表的关于中国问题的新闻报道。从老外的角度来看中国社会生活的方方面面,包括经济、社会和文化的发展与进步以及日常生活中的种种趣闻轶事。 | |
| 510 | 1 | @aChina in foreigner's eyes@zeng |
| 517 | 1 | @a美欧最新英语新闻阅读教程@Amei ou zui xin ying yu xin wen yue du jiao cheng |
| 606 | 0 | @a新闻@Axin wen@x英语@x阅读教学@x高等学校@j教材 |
| 690 | @aH319.4@v4 | |
| 701 | 0 | @a王银泉@Awang yin quan@4编著 |
| 701 | 0 | @a曹新宇@Acao xin yu@4编著 |
| 801 | 0 | @aCN@bQSSK@c20080807 |
| 905 | @b732330-32@dH319.4@eW435@f3 | |
| 老外看中国:美欧最新英语新闻阅读教程/王银泉, 曹新宇编著.-南京:东南大学出版社,2007.08 |
| 294页:图;26cm |
| ISBN 978-7-5641-0799-4:CNY39.00 |
| 本书精选了来自美国、英国、德国、加拿大、法国等国家的主流报刊、广播电台和通讯社近年来发表的关于中国问题的新闻报道。从老外的角度来看中国社会生活的方方面面,包括经济、社会和文化的发展与进步以及日常生活中的种种趣闻轶事。 |
| ● |
| 相关链接 |
|
|
|
正题名:老外看中国
索取号:H319.4/W435
 
预约/预借
| 序号 | 登录号 | 条形码 | 馆藏地/架位号 | 状态 | 备注 |
| 1 | 732330 | 207323305 | 语言库209/209语言库 49排3列2层/ [索取号:H319.4/W435] | 在馆 | |
| 2 | 732331 | 207323314 | 语言库209/209语言库 49排3列2层/ [索取号:H319.4/W435] | 在馆 | |
| 3 | 732332 | 207323323 | 语言库209/209语言库 49排3列2层/ [索取号:H319.4/W435] | 在馆 |